000 00474nam a2200181Ia 4500
001 11310
005 20260306162818.0
008 260306t2013||||xx |||||||||||||| ||spa||
041 _aESP
082 _a985.03
_bL89
100 _aLorandi, Ana María
_eAUT
245 0 _aLa pedagogía del miedo:
_blos Borbones y el criollismo en el Cuzco 1780-1790
260 _c2013
300 _a247 páginas :
_c24 cm.
650 _aGEN
654 _aCHU
942 _cLIB
_dJUS
_fJUS
_2ddc
_n
999 _c11310
_d11310